00503nam a2200193 a 4500001001300000003000900013005001700022008004100039020001000080082001900090100002500109245002100134260003600155300000900191500003500200505002600235650002300261700002500284nice12345678IN_TiNIC20260116014244.0050524s1999 dela grp 000 0 urd  ac10000a297.1227bPAR2 aParikh, Abdul Kareem aTafseeri Khazana aDelhibFareed Book Depot.c1999 a528p aincludes index and biblioraphy2 aIndex, Quranic Verses aQuran-Hermeneutics1 aParikh, Abdul Kareem